000 00661cam a2200205 4500
001 ABS62037
008 000000n2000 000 0 eng u
035 _a(Sirsi) u104906
100 _aWhite, I.
245 _aTopics of conservation
260 _c2000
490 _aThe Valuer
_v69(2) March/April 2000, 6-7(2)
520 _aDescribes the statutory measures which exist to protect listed buildings and conservation areas.
590 _aABS
650 _aLISTED BUILDINGS
650 _aCONSERVATION AREAS
650 _aCIVIC AMENITIES ACT 1967
690 _aBUILT ENVIRONMENT-BUILDING MAINTENANCE AND REFURBISHMENT-BUILDING CONSERVATION
942 _n0
999 _c62933
_d62933